000 00282nam a2200109Ia 4500
008 230627s9999 xx 000 0 und d
041 _aeng
082 _a346.08
_bBAN
100 _aBansal B. L
245 _aDigest On Dishonour Of Cheque
260 _aNew Delhi
_bKamal Publishers
_c1995
999 _c702737
_d702737